| 000 | 01040cab a2200241 4500 | ||
|---|---|---|---|
| 001 | ABS38895 | ||
| 008 | 090401t1988 xxu||||| |||| 00| 0 eng d | ||
| 035 | _a(Sirsi) u13161 | ||
| 041 | _aeng | ||
| 110 |
_aAnthony Williams and Partners _93 |
||
| 245 | _aStubbers outdoor pursuits centre | ||
| 260 | _c1988 | ||
| 350 | _a0 | ||
| 490 |
_aBuilding _v253(7538) 11 March 1988, 53-60(8) |
||
| 520 | _aA Building Dossier on the construction of the Stubbers Outdoor Pursuits Centre for children. The outstanding feature of the building is that after two years it still looks fresh and new, despite hard use by its youthful visitors. Includes a cost commentary, reports by the architects, building contractor and user, elemental cost analysis, contract and materials information. Photos. | ||
| 650 | _aBUILT ENVIRONMENT-BUILDING COSTS | ||
| 650 | _aBUILT ENVIRONMENT-CONSTRUCTION DESIGN | ||
| 650 | _aBUILDING PROJECTS | ||
| 650 | _aLEISURE CENTRES | ||
| 690 | _aBUILDING AND CONSTRUCTION-PROJECTS | ||
| 942 | _n0 | ||
| 948 | _c04/03/1997 | ||
| 999 |
_c8467 _d8467 |
||